Statistiques concernant Légendes Pokémon Arceus-Les missions

Cliquez ici pour prendre le quiz!

Statistiques générales

  • Ce quiz a été pris 3 fois
  • Le résultat moyen est 105 sur 148

Statistiques - réponses

QuestionRéponse% Correct
Mission principale 10.L'île sans Roi- Au début de la mission, de combien de Caninos Garana s'occupe-t-elle?2
100%
Mission secondaire 79.Eclate-Ballons dans la neige-De combien de Montures différentes a-t-on besoin au cours de ce défi?4:Cerbyllin, Farfurex,Paragruel et Gueriaigle
100%
Mission secondaire 114.La Voie Solitaire de Motisma-De combien de fomrmes différentes dispose Motisma, en comptant sa forme Normale?6
100%
Mission principale 16.L'épreuve du lac Savoir-Quelle est donc la réponse à l'énigme de Créhelf qui consiste à dire combien d'yeux ont ensemble Apitrini, Nosferapti, Zarbi, Magnéton, Teraclope?60131
100%
Mission secondaire 92.Exprimer sa gratitude-En bonus de sauvegarde de Pokémon Epée ou Bouclier, quelle mission obtient-on?Aider Midy à trouver Shaymin dans un champ de Gracidées
100%
Mission secondaire 83.Des Goupix blancs comme la neige-De quelle région vient Keoni, dont les Goupix partenaires sont de couleur blanche?Alola
100%
Mission secondaire 75.La chevelure de Kirlia-Quel est le nom du salon de coiffure de Marcia, qui nous demande de l'aide pour cette mission?Art Capillaire
100%
Mission secondaire 93.Un sombre cauchemar-Comment faire pour obtenir cette mission qui permet de capturer Darkrai?Avoir une sauvegarde de Diamanr Etincelant ou Perle Scintillante
100%
Mission secondaire 58.Perdue sur la côte-De quelle couleur est le signal que suit Ursaking pour retrouver Sharly?Bleu
100%
Mission principale 2.L'épreuve-Que nous demande de faire la cheffe Selena pour lui prouver notre valeur?Capturer des Pokémon
100%
Mission secondaire 86.Perdue dans la neige?-Qu'est ce qui différencie cette mission des 4 autres missions avec Sharly?C'est le frère de Sharly et non Sharly qu'il faut retrouver
100%
Mission secondaire 19.Un étrange Ponyta-Quelle est la particularité de "l'étrange Ponyta" rencontré durant cette mission?C'est un Ponyta chromatique
100%
Mission secondaire 108.La Voie Solitaire de Keunotor-Qui s'occupe du défi de la Voie Solitaire à Rusti-Cité?Chammal
100%
Mission secondaire 16.Le rôdeur nocturne-Quelle est la position de Mélie, qui nous donne cette mission, au sein du Groupe Galaxie?Cheffe du Corps des Bâtisseurs
100%
Mission secondaire 122.La Voie Solitaire de Crikzik-Avec quel autre Pokémon Crikzik partage-t-il le même résumé de mission de défi de la Voie Solitaire?Chenipotte
100%
Mission secondaire 11.La mélodie des plaines-Par quel Pokémon Moni est-elle captivée?Crikzik
100%
Mission principale 19.Après la grande fête-Ou se retrouve-t-on après le générique de fin?Dans notre cabane à Rusti-Cité
100%
Mission secondaire 113.La Voie Solitaire de Farfuret-Le résumé de cette mission conseille de combattre avec un Farfuret rencontré dans un endroit spécial. Où?Dans une Faille Spatio-Temporelle
100%
Mission secondaire 90.Le trésor du Clan Perle-Que permet de faire le Globe Perlé, que nous confie Nacchara si on arrive à la vaincre en combat?De faire changer de forme à Palkia
100%
Mission secondaire 70.Inspiration colorée-Ce coup ci, plus de Pokémon à rechercher pour cette mission "Inspiration", mais alors quoi?Des Tessons
100%
Mission secondaire 78.L'installation du Bivouac du "..."-Quel mot termine l'intitulé de cette mission, en référence à l'endroit où se situe le Monarque Seracrawl?"Glacier"
100%
Mission principale 1.Une terre inconnue-Qui sont les 3 premiers Pokémon de départs à retrouver sur la Plage Premiépas?Héricendre, Moustillon, Brindibou
100%
Mission secondaire 55.Le 'tit creux de Tiplouf-Qu'arrive-t-il au Tiplouf durant cette mission?Il a tellement faim qu'il ne peut plus bouger
100%
Mission secondaire 72.Une course rapide pour Hygia-A quoi servent les Soignons pour les membres du Corps des Soignants?Ils les utilisent pour créer des remèdes
100%
Mission secondaire 73.Quel est le vrai Cheniti?-Quelle Cape de Cheniti n'existe pas?La Cape Roc
100%
Mission secondaire 24.Inspiration Hippopotas-Quelle est la principale différence physique entre les Hippopotas mâles et les Hippopotas femelles?La couleur des tâches
100%
Mission principale 15.L'épreuve du lac Courage- Qu'est ce qui est testé durant l'épreuve de Créfadet?La persévérance
100%
Mission principale 21.La plaque des lacs-Quelle plaque est obtenue à l'issue de cette mission?La Plaque Draco
100%
Mission principale 17.Au sommet du Mont Couronné-Qui nous barre la route jusqu'à Cormier, à l'intérieur du Contrefort Couronné ?Lardi
100%
Mission principale 7.La rage du roi de la forêt-Quel est le nom de l'Arène où l'on doit combattre Hachécateur pour l'apaiser?l'Arène du Grand Arbre
100%
Mission secondaire 95.De nouveaux brusques changements-Quelle série de missions sont disponibles une fois celle-ci accomplie?Les Missions "Mégapparition"
100%
Mission secondaire 76.Chasse aux champignons avec "..."-Avec quel Pokémon part-on à la chasse aux champignons enfouis sous les neiges des Terres Immaculées?Marcacrin
100%
Mission secondaire 59.La chevelure de Feuforêve-Qui demande à voir un Feuforève dans le cadre de cette mission?Marcia, pour être inspirée pour une nouvelle coupe
100%
Mission principale 5.La requête de Ryza-Qui est le Pokémon Baron que l'on affronte au cours de cette mission?Mélokrik
100%
Mission secondaire 103.Une idée à creuser- De quelle espèce est le Pokémon qu'il faut apaiser dans le Tunnel de Fer?Onix
100%
Mission secondaire 94.Les avatars de Hisui-Que se passe-t-il une fois qu'on a complété les pages Pokédex de Boréas, Fulguris et Démétéros?On peut rencontrer Amovénus
100%
Mission principale 6.La convocation du dirigeant Cormier-Quel personnage ne rencontre pas à l'issue de cette mission?Penséa
100%
Mission secondaire 89.Le trésor du Clan Diamant-Quel est le Pokémon partenaire d'Adamantin, par opposition à celui de Nacchara?Phyllali
100%
Mission secondaire 118.La Voie Solitaire de Roserade-De quel(s) type(s) est Roserade?Plante/Poison
100%
Mission secondaire 12.Un poids parfait pour préparations en pot-Quel Pokémon Narimade veut-elle avoir pour servir de poids?Racaillou
100%
Mission principale 24.La plaque du Temple de Frimapic-Quel Pokémon légendaire rencontre-t-on dans le Temple Frimapic pendant cette mission?Regigigas
100%
Mission principale 14.L'épreuve du Lac Vérité-En quoi consiste l'épreuve de Créfollet?Répondre à des questions de mise en situation
100%
Mission secondaire 45.Inspiration Sancoki-Quel sont les noms des deux sortes de Sancoki?Sancoki Mer Orient et Sancoki Mer Occident
100%
Mission secondaire 37.Une odeur nostalgique-Quel Pokémon est concerné par l'intitulé de la recherche "un Pokémon couvert d'herbes en forme de lianes bleues"?Saquedeneu
100%
Mission secondaire 20.Le feu follet mystérieux-Quelles sont les 2 conditions préalables à la capture du Pokémon concerné par cette mission?Se rendre sur les Terres Obsidiennes et attendre qu'il fasse nuit
100%
Mission secondaire 44.Portrait de Pokémon:dans la nuit-Quel Pokémon s'est immiscé sur la photo du photographe de Rusti-Cité ?Skelenox
100%
Mission secondaire 68.Un Tarinor ne perd jamais le nord-Avec quelle partie de son corps Tarinor s'oriente-il?Son nez
100%
Mission secondaire 111.La Voie Solitaire d'Abra-Contre quel(s) type(s) Abra peut-il subir des dégâts super efficaces?Spectre, Ténèbres et Insecte
100%
Mission secondaire 9.La vision nocturne de Nosferapti?-Ou peut-on récupérer cette mission?Sur le tableau des quêtes du Professeur Lavande
100%
Mission secondaire 6.Les Appâts Toumou avant tout!-A partir de quoi les Appâts Toumou sont-ils fabriqués?Un champignon
100%
Mission principale 8.Le souci de Marcia-Qu'est ce qui n'est pas inclus dans la mission?Visiter une Faille Spatio-Temporelle
100%
Mission secondaire 22.Etranges apparitions nocturnes-Combien de Flammes Etranges sont à rassembler ?107
67%
Mission secondaire 39.Tout sur Magicarpe-Combien de Magicarpe faut-il attraper pour compléter la ligne "Spécimen attrapés" de la page Pokédex de Magicarpe?25
67%
Mission secondaire 97.Mégapparition au Marais Carmin-Combien d'endroits doit-on inspecter pour valider la mission?3
67%
Mission secondaire 62.Portrait de Pokémon:à la rivière-Cette mission est la......3ème mission confiée par le photographe de Rusti-Cité
67%
Mission secondaire 101.Mégapparition sur les Terres Immaculées-Combien de missions sont intitulées "Mégapparition...", en comptant celle-ci?5
67%
Mission secondaire 3.Les oreilles de Lixy-A quoi ressemblent les motifs à l'intérieur des oreilles de Lixy, donc?A des étoiles
67%
Mission principale 9.Une nouvelle mission-Où Cormier nous emmène t-il pour nous montrer les nouveaux habitants qui s'installent à Rusti-Cité?A la Plage Premiépas
67%
Mission secondaire 65.L'installation du Bivouac de la Montagne-Après Moufouette et Pijako, quel Pokémon est cette fois-ci impliqué dans une mission Bivouac?Archéomire
67%
Mission secondaire 48. Les saveurs de chez soi-A qui Floro veut-il faire plaisir en nous demandant de rassembler des ingrédients?A son Evoli
67%
Mission principale 13.De brusques changements-Dans quelle zone se situe le Logis de Penséa, qui sert de base pendant cette mission et les 3 suivantes ?Aucun, il est en dehors des zones principales du jeu
67%
Mission secondaire 88.Un Lucario d'acier-A quel endroit précis Alben veut-il nous affronter avec son partenaire Lucario?Au Dojo de Rusti-Cité
67%
Mission secondaire 117.La Voie Solitaire de Magicarpe- Où se tiennent à chaque fois les combats des défis de la Voie Solitaire?Au Dojo de Rusti-Cité
67%
Mission secondaire 26.Devenez une légende du Vise-et-Tire!-Où se déroule cette première session de Vise-et-Tire du jeu?Au Sud de Rusti-Cité
67%
Mission secondaire 100.Mégapparition au Contrefort Couronné-Durant cette mission, avant quoi doit-on inspecter les lieux de Mégapparitions pour accomplir la mission?Avant que l'averse ne s'arrête
67%
Mission secondaire 98.Mégapparition sur la Côte Lazuli-Quelle Baie peut-on donner au Goinfrex de Ryza afin de connaître à l'avance l'espèce des Pokémon présents?Baie Gowav
67%
Mission secondaire 99.Opération gourmand-De quelle couleur sont les vêtements de Ryza?Bleue
67%
Mission secondaire 29.A la recherche de feuilles amères-Qui est le Pokémon à trois feuilles recherché durant cette mission?Chlorobule
67%
Mission secondaire 106.La requête d'Adamantin-En quoi consiste cette seconde mission avec Adamantin pour personnage central?Combattre Adamantin avec Dialga originel
67%
Mission secondaire 74.Un Leuphorie au grand coeur-Où peut-on récupérer cette mission?Dans le laboratoire du professeur Lavande
67%
Mission secondaire 64.Finie, la phasmophobie!De quoi Liono a -t-il peur selon son père Antiz?Des fantômes
67%
Mission secondaire 51.Au ras des fleurs-Dans le descriptif de la mission, Insécateur est décrit comme le Pokémon qui a quoi en guise de bras?Des faux
67%
Mission secondaire 31.L'installation du Bivouac de la Friche-Qu'est ce qui bloque l'installation du Bivouac de la Friche?Des Moufouette
67%
Mission principale 18.Une seconde créature-De quoi a-t-on besoin pour pouvoir capturer le "second Grand Sinnoh"?D'un Minerai Origine
67%
Mission secondaire 33.Etudions le gros champignon!-De quel Pokémon Gonfus a-t-il besoin pour ses recherches?D'un Parasect
67%
Mission secondaire 71.Quelle est le titre de cette mission qui voit de nouveau s'affronter Sica et Nectarin?Encore toujours plus de nouveaux articles
67%
Mission secondaire 47.Eclate-Ballons sur la côte- Quelle est la forme d'un ballon de l'Eclate-Ballons?En forme de Baudrive
67%
Mission secondaire 85.En suspension sous le toit-Quel Pokémon a élu domicile sous le toit de la maison de Lou ?Eoko
67%
Mission principale 25.La plaque de la Plage Premiépas-Dans quel cadre obtient-on la Plaque Poing, 17ème Plaque du jeu?Faire un combat contre Cormier
67%
Mission secondaire 109.La Voie Solitaire d'Evoli-Quel est le rôle de Chammal ?Gardien du Clan Perle
67%
Mission secondaire 107.La demande de Nacchara-Quelle équipe Nacchara utilise-t-elle contre nous durant ce combat?Givrali, Mentali, Pyroli,celle utilisée lors de la mission "Le trésor du Clan Perle"
67%
Mission secondaire 38.Perdue dans le marais-Comment peut-on retrouver Sharly, qui s'est perdue dans le Marais Carmin?Grâce à l'odeur, avec la monture Ursaking
67%
Mission secondaire 84.Une experte autoproclamée en Grelaçon-Où se trouve Spacia, quand elle nous confie cette mission?Hameau Perle
67%
Mission secondaire 63.Inspiration Cheniselle-Quels étaient les 2 précédents Pokémon des missions "Inspiration" précédentes?Hippopotas et Sancoki
67%
Mission secondaire 102.L'éveil de "..."-Quel mot complète l'intitulé de cette mission, durant laquelle Adamantin et Nacchara sont présents tous les deux ?"Hisui"
67%
Mission principale 12.Le Roi dormant des Plaines Enneigées-Quelle est la particularité de Seracrawl, le Roi des Plaines Enneigées ?Il est le plus grand de tous les Pokémon Monarques
67%
Mission secondaire 53.L'encre d'Octillery-Quelle est la particularité d'Octillery sur la Plage de l'Errance?Il s'agit d'un Octillery Baron
67%
Mission secondaire 56.Un Machopeur pour les bâtisseurs-Quel est le but de Hachi en nous confiant cette mission?Intégrer un Machopeur au Corps des Bâtisseurs
67%
Mission secondaire 67.Les Mélofée au clair de lune-De quelle région s'agit-il lorsque Unel parle de sa région natale où les Mélofée dansent au clair de lune?Kanto
67%
Mission secondaire 8.Un trio de Keunotor retors-Avec l'aide de quel Pokémon cherche-ton les Keunotor éparpillés dans Rusti-Cité?Keunotor
67%
Mission secondaire 40.L'amulette perdue dans l'étang- Dans quel environnement évolue l'Hippodocus Baron qui a fait perdre son amulette à Malu?La boue
67%
Mission secondaire 34.Un remède à base de venin-Qui est Hygia, qui nous demande de lui ramener un Cradopaud dans le cadre de cette mission?La cheffe du Corps des Soignants
67%
Mission secondaire 46.L'installation du Bivouac Côtier-Quelle zone de la Côte Lazuli se caractérise par sa forme particulière?La Main de Sable
67%
Mission secondaire 121.La Voie Solitaire de Chenipotte-Quelle est la particularité de Chenipotte?La première mission secondaire du jeu lui est dédiée
67%
Mission secondaire 80.La meillleure recette de tous les temps-Sur quoi agit une Bouchée Double, qui est la récompense pour avoir réussi cette mission?La puissance des capacités
67%
Mission principale 22.La plaque de l'île Crache-Feu-Quel est le lieu où se tapit Heatran au cours de cette mission?L'Autel de la Caldeira
67%
Mission secondaire 23.De nouveaux articles-Qui sont les 2 personnes qui se disputent lors de cette mission?Le patron de la Boutique et le chef du Corps des Artisans
67%
Mission secondaire 91.A la recherche de Giratina-Qui nous fait peur d'une rumeur selon laquelle une grande ombre aurait survolé la Côte Lazuli?Le Professeur Lavande
67%
Mission secondaire 87. Obalie qui roule...-Quel est le nom de la montagne qu'Obalie a descendu en roulant ?Mont des Gringoles
67%
Mission secondaire 57.La saveur du miel-Que faut-il faire dans le cadre de cette mission?Montrer 3 Apitrini de différents coins de Hisui à Liem
67%
Mission secondaire 2.Un Etourmi tout mignon-Que doit-on faire pour cette mission?Montrer la page Pokédex complétée d'Etourmi à quelqu'un
67%
Mission secondaire 52.Les évolutions d'Evoli-En laquelle de ses évolutions possibles Evoli qui accompagne Floro évolue-t-il?Noctali
67%
Mission secondaire 104.L'arme secrète du Corps de la Défense-Qui est donc cette "arme secrète du Corps de la Défense"?Oscar, un garde de l'entrée de Rusti-Cité
67%
Mission secondaire 50.Une double queue de poisson-Quelle Monture est nécessaire afin de trouver le Pokémon demandé pour valider cette mission?Paragruel
67%
Mission principale 23.La plaque de l'Arène de la Lune-Pourquoi Camille du Clan Diamant est-elle présente lors de cette mission?Parce qu'elle est la Gardienne d'Electrode et que Cresselia a investit le lieu
67%
Mission secondaire 21.Un M.Mime dans le village-Pour quelle raison M.Mime n'est pas si facile que cela à approcher?Parce qu'il nous barre la route avec des murs invisibles
67%
Mission secondaire 17.De fleur en bourgeon-Pour quelle raison Borsol veut-il voir un Ceriflor?Pour son changement de forme
67%
Mission secondaire 110.La Voie Solitaire de Cheniselle-Qu'indique le résumé de la mission?Qu'une des formes de Cheniselle s'avèrera plus avantageuse que les autres
67%
Mission principale 27.Le Pokémon vénéré comme une divinité-Quelle condition est requise pour pouvoir invoquer Arceus à l'aide de la Flûte Azur?Rencontrer tous les Pokémon
67%
Mission secondaire 43.Encore plus de nouveaux articles-Quel est le nom des 2 personnages qui se disputent lors de cette mission?Sica et Nectarin
67%
Mission secondaire 69.Perdue au contrefort-Qui nous demande pour la troisième fois de retrouver Sharly?Son frère
67%
Mission secondaire 120.La Voie Solitaire de Fragilady-Quelle capacité Fragilady ne peut pas apprendre par montée de niveau?Spore Coton
67%
Mission secondaire 35.Une "..." pour Pachirisu-Quel mot remplace "..." dans le titre de la mission?Stratégie
67%
Mission secondaire 7.Les jeux de Baudrive-Ou le Baudrive signalé joue-t-il avec des enfants le soir?Sur la Plage Premiépas
67%
Mission secondaire 18.Fabrique-moi une poupée!-Que doit-on confectionner lors de cette mission?Une Poupée Pokéshi
67%
Mission secondaire 41.Une queue gracieuse-Quelle est la description que fait Kodal de la queue du Pokémon qu'il veut voir ?Une queue gracieuse enroulée comme un ressort
67%
Misson secondaire 5.L'admirateur du Groupe Galaxie-Qui est Reo, qui veut qu'on lui donne des Pokéballs afin d'intégrer le Groupe Galaxie?Un habitant de Rusti-Cité
67%
Missio secondaire 66.La légende des mers- Qu'est ce que "La légende des mers"? dont le Professeur Lavande nous parle?Un livre
67%
Mission secondaire 1.Chenipotte peut évoluer?-Pour cette première mission, qui nous demande de lui donner un Chenipotte?Un membre du Corps de la Défense
67%
Mission secondaire 28.L'amitié des Pokémon-Que veut voir Ami?Un Pokémon avec qui l'on partage un puissant lien d'amitié
67%
Mission secondaire 60.Cherche Pokémon destructeur de rocher-Quel Pokémon Risier recherche-t-il pour cette mission?Un Pokémon qui connaît Eclate-Roc
67%
Mission secondaire 4.Grand Mustébouée,petit Mustébouée-Quelle taille doit dépasser le Mustébouée que l'on doit donner à Toma pour cette mission?0.8m
33%
Mission secondaire 119.La Voie Solitaire de Hachécateur-En comptant Hachécateur, combien d'espèces de Pokémon étant des Monarques ont des Missions Voie Solitaire?1 seul
33%
Mission secondaire 54.Un en-cas contraignant-Combien de types de Bonbons sont disponibles au Stand de Bonbons?4
33%
Mission principale 20.Sur les traces des légendes-Combien de missions sont données par Penséa à la suite de celle-ci?5
33%
Mission secondaire 13.De beaux arbres à Baies-Quel type de Biaes doit-on donner en 3 exemplaires à celui qui nous confie cette mission?Baie Ceriz
33%
Mission secondaire 49.A la poursuite des Capumain-Qu'est ce qui n'est pas possible durant cette mission?Capturer les Capumain
33%
Mission secondaire 61.Toujours plus de nouveaux articles-Ou se trouve Nectarin ?Dans son bureau, au 1er sous-sol du Siège du Groupe Galaxie
33%
Mission secondaire 15.Eclate-Ballons dans les plaines-Quel est la seule affirmation exacte concernant cette mission?Eclater au moins 17 ballons à dos de Cerbyllin en 44 secondes
33%
Mission secondaire 77.Perdue dans les plaines-Quel est le seul endroit où Sharly ne devait pas être retrouvée dans les 3 missions précédentes?"en montagne"
33%
Mission secondaire 14.Besoin de Baies-Comment s'appelle celui qui nous demande 5 Baies Oran pour cette mission?Horan
33%
Mission secondaire 25.Portrait de Pokémon:dans la forêt-Comment s'appelle le photographe de Rusti-Cité?Imaj
33%
Mission secondaire 82.Les vestiges d'un ancien hameau-Quel est le premier nom du Vieux Journal, objet central de cette mission?Journal Déchiré
33%
Mission principale 26.La dernière des plaques-Quelle affirmation est fausse concernant cette mission?La Plaque Fantôme est laissée par Giratina après le combat
33%
Mission principale 11.Une périlleuse ascension-Quel est le surnom de l'Electrode Monarque de l'Arène de la Lune?Le Roi des Grottes
33%
Mission secondaire 96.Mégapparition dans les Plaines Obsidiennes-Qu'obtient-on au début de cette mission?Les 2 autres Starters
33%
Mission principale 3.L'art de la confection-Comment s'appelle l'endroit où l'on fabrique nos premières Poké Balls?L'établi
33%
Mission secondaire 115.La Voie Solitaire de Bastiodon-Les Pokémon qui font l'objet d'une mission "Voie Solitaire" sont-ils les seuls à pouvoir relever ce défi?Non, tous les Pokémon du jeu peuvent tenter ce défi
33%
Mission secondaire 81-Quel est l'intitulé de cette mission, sachant qu'elle s'inspire des missions qui consistaient à donner un certain type de Pokémon pour les champs?"Recherche Pokémon tout feu tout flamme"
33%
Mission secondaire 112.La Voie Solitaire de Leuphorie-Quel est le conseil du résumé de la mission pour ce combat avec Leuphorie?Se soigner
33%
Mission secondaire 116.La Voie Solitaire de Rosélia-Dans quelle circonstance aurait-on plus de chance de remporter le combat selon le résumé de la mission?Si l'adversaire est endormi
33%
Mission secondaire 27.Cherche Pokémon laboureur de parcelles-Quel Pokémon Risier recherche-t-il?Un Pokémon de type Sol
33%
Mission secondaire 42.Cherche Pokémon arroseur de cultures-Quel Pokémon Risier recherche-t-il cette fois?Un Pokémon Eau
33%
Mission secondaire 105.Eclate-Ballons de l'extrême-Sur les 50 ballons présents sur le parcours, combien doit-on éclater minimum pour réussir le défi?40
0%
Mission principale 4.Début des recherches: les tâches Pokédex-Par qui sont confiées les tâches Pokédex à remplir dans les cadre de cette mission?Aurel/Lucia
0%
Mission secondaire 10.Chenipotte a évolué!-Quelle condition n'est pas nécessaire pour débloquer cette mission?Avoir complété la page Pokédex de Chenipotte
0%
Mission secondaire 32.Les Psykokwak se prennent la tête-Quel objet déjà présent en 4ème génération peut aider les Psykokwak?La Scuba Ball
0%
Mission secondaire 30.Allons voir si la rose...-Damas veut voir......un Roselia plus grand que le sien
0%

Distribution des résultats

Percentile par nombre de réponses

% des personnes avec chaque résultat

Votre développement - résultats

Vous n’avez pas pris ce quiz